[Event "Chessable Masters - Torneo preliminare"]
[White "Nguyen, Thai Dai Van"]
[Black "Oparin, Grigoriy"]
[WhiteFideId "358878"]
[BlackFideId "24125890"]
[WhiteElo "2544"]
[BlackElo "2650"]
[Result "0-1"]
[Round "2"]
[TimeControl "600+2"]
[Date "2023.03.13"]
[WhiteClock "0:00:07"]
[BlackClock "0:01:05"]

1. Nf3 {[%clk 0:09:58]}  Nf6 {[%clk 0:10:00]} 2. c4 {[%clk 0:09:59]}  e6 {[%clk 0:10:01]} 3. Nc3 {[%clk 0:09:59]}  d5 {[%clk 0:10:02]} 4. d4 {[%clk 0:10:01]}  Nbd7 {[%clk 0:10:00]} 5. Qc2 {[%clk 0:10:00]}  dxc4 {[%clk 0:10:00]} 6. e4 {[%clk 0:09:49]}  c5 {[%clk 0:10:01]} 7. d5 {[%clk 0:09:00]}  exd5 {[%clk 0:09:57]} 8. exd5 {[%clk 0:08:45]}  Nb6 {[%clk 0:09:34]} 9. Bg5 {[%clk 0:08:34]}  h6 {[%clk 0:09:10]} 10. Qe2+ {[%clk 0:08:03]}  Qe7 {[%clk 0:09:10]} 11. Bxf6 {[%clk 0:08:05]}  gxf6 {[%clk 0:09:08]} 12. Ne4 {[%clk 0:07:45]}  Kd8 {[%clk 0:08:06]} 13. d6 {[%clk 0:07:22]}  Qe6 {[%clk 0:08:06]} 14. O-O-O {[%clk 0:07:24]}  Qf5 {[%clk 0:07:27]} 15. Qe3 {[%clk 0:06:17]}  h5 {[%clk 0:07:22]} 16. Nh4 {[%clk 0:04:44]}  Qe6 {[%clk 0:07:05]} 17. g3 {[%clk 0:04:24]}  f5 {[%clk 0:06:07]} 18. Bh3 {[%clk 0:02:54]}  Bh6 {[%clk 0:03:51]} 19. f4 {[%clk 0:02:53]}  Qxe4 {[%clk 0:03:52]} 20. Qc3 {[%clk 0:02:53]}  Bxf4+ {[%clk 0:03:14]} 21. gxf4 {[%clk 0:02:53]}  Qxf4+ {[%clk 0:03:16]} 22. Kb1 {[%clk 0:02:42]}  Qh6 {[%clk 0:03:17]} 23. Bxf5 {[%clk 0:02:17]}  Re8 {[%clk 0:02:53]} 24. Rhf1 {[%clk 0:01:44]}  Be6 {[%clk 0:02:43]} 25. Bxe6 {[%clk 0:01:37]}  Qxe6 {[%clk 0:02:45]} 26. Rde1 {[%clk 0:01:13]}  Nd5 {[%clk 0:02:06]} 27. Qg3 {[%clk 0:01:13]}  Ne3 {[%clk 0:01:58]} 28. Rf4 {[%clk 0:00:51]}  Qxd6 {[%clk 0:01:55]} 29. Qg5+ {[%clk 0:00:27]}  f6 {[%clk 0:01:55]} 30. Qxf6+ {[%clk 0:00:22]}  Qxf6 {[%clk 0:01:56]} 31. Rxf6 {[%clk 0:00:23]}  Kc7 {[%clk 0:01:56]} 32. Rh6 {[%clk 0:00:16]}  Ng4 {[%clk 0:01:48]} 33. Rh7+ {[%clk 0:00:16]}  Kc6 {[%clk 0:01:48]} 34. Rg1 {[%clk 0:00:09]}  Rh8 {[%clk 0:01:39]} 35. Rxh8 {[%clk 0:00:11]}  Rxh8 {[%clk 0:01:39]} 36. h3 {[%clk 0:00:13]}  Nf2 {[%clk 0:01:37]} 37. Rg3 {[%clk 0:00:11]}  Rf8 {[%clk 0:01:33]} 38. Ng6 {[%clk 0:00:11]}  Re8 {[%clk 0:01:33]} 39. Rf3 {[%clk 0:00:11]}  Nd3 {[%clk 0:01:32]} 40. b3 {[%clk 0:00:12]}  Kb5 {[%clk 0:01:21]} 41. a3 {[%clk 0:00:05]}  Re2 {[%clk 0:01:10]} 42. bxc4+ {[%clk 0:00:04]}  Kxc4 {[%clk 0:01:10]} 43. Nh4 {[%clk 0:00:06]}  Kc3 {[%clk 0:01:04]} 44. Nf5 {[%clk 0:00:07]}  c4 {[%clk 0:01:05]} 0-1


[Site "Internet"]

[Event "Chessable Masters - Torneo preliminare"]
[White "Bindrich, Falko"]
[Black "Nguyen, Ngoc Truong Son"]
[WhiteFideId "4676670"]
[BlackFideId "12401110"]
[WhiteElo "2548"]
[BlackElo "2585"]
[Result "1/2-1/2"]
[Round "2"]
[TimeControl "600+2"]
[Date "2023.03.13"]
[WhiteClock "0:03:24"]
[BlackClock "0:02:20"]

1. d4 {[%clk 0:10:00]}  Nf6 {[%clk 0:09:58]} 2. c4 {[%clk 0:10:01]}  e6 {[%clk 0:09:56]} 3. Nc3 {[%clk 0:10:03]}  Bb4 {[%clk 0:09:56]} 4. Qc2 {[%clk 0:10:04]}  d5 {[%clk 0:09:41]} 5. cxd5 {[%clk 0:10:04]}  exd5 {[%clk 0:09:39]} 6. Bg5 {[%clk 0:10:04]}  c6 {[%clk 0:09:24]} 7. e3 {[%clk 0:10:03]}  h6 {[%clk 0:09:16]} 8. Bh4 {[%clk 0:10:04]}  Be6 {[%clk 0:09:08]} 9. Bd3 {[%clk 0:10:04]}  Bd6 {[%clk 0:08:51]} 10. Nf3 {[%clk 0:09:57]}  Nbd7 {[%clk 0:08:50]} 11. Bg3 {[%clk 0:09:54]}  Bxg3 {[%clk 0:08:49]} 12. hxg3 {[%clk 0:09:56]}  O-O {[%clk 0:08:45]} 13. O-O-O {[%clk 0:09:45]}  a5 {[%clk 0:08:17]} 14. Kb1 {[%clk 0:09:44]}  b5 {[%clk 0:07:56]} 15. Nd2 {[%clk 0:09:40]}  Qb6 {[%clk 0:07:44]} 16. Rc1 {[%clk 0:09:13]}  a4 {[%clk 0:07:18]} 17. Ne2 {[%clk 0:08:48]}  Rfc8 {[%clk 0:07:15]} 18. Bf5 {[%clk 0:08:30]}  c5 {[%clk 0:06:28]} 19. Bxe6 {[%clk 0:08:29]}  fxe6 {[%clk 0:05:51]} 20. Qg6 {[%clk 0:08:04]}  Nf8 {[%clk 0:05:46]} 21. dxc5 {[%clk 0:08:03]}  Rxc5 {[%clk 0:05:45]} 22. Qd3 {[%clk 0:08:04]}  Rac8 {[%clk 0:05:37]} 23. Rxc5 {[%clk 0:07:39]}  Rxc5 {[%clk 0:05:39]} 24. Rc1 {[%clk 0:07:20]}  Ng4 {[%clk 0:04:35]} 25. Rxc5 {[%clk 0:06:35]}  Qxc5 {[%clk 0:04:34]} 26. Qd4 {[%clk 0:06:36]}  Qxd4 {[%clk 0:04:28]} 27. Nxd4 {[%clk 0:06:38]}  Nxf2 {[%clk 0:04:29]} 28. Nxb5 {[%clk 0:06:39]}  Nd7 {[%clk 0:04:22]} 29. Kc2 {[%clk 0:06:17]}  Kf7 {[%clk 0:04:06]} 30. Nc3 {[%clk 0:05:48]}  Nb6 {[%clk 0:03:56]} 31. b3 {[%clk 0:05:26]}  axb3+ {[%clk 0:03:49]} 32. Kxb3 {[%clk 0:05:28]}  Ke7 {[%clk 0:03:48]} 33. Kb4 {[%clk 0:05:17]}  Kd6 {[%clk 0:03:29]} 34. Nb5+ {[%clk 0:05:04]}  Kd7 {[%clk 0:03:27]} 35. a4 {[%clk 0:05:05]}  Nd3+ {[%clk 0:03:22]} 36. Ka5 {[%clk 0:04:39]}  Nc8 {[%clk 0:03:09]} 37. Nd4 {[%clk 0:04:26]}  e5 {[%clk 0:02:58]} 38. Nc2 {[%clk 0:04:17]}  Nd6 {[%clk 0:02:44]} 39. Kb6 {[%clk 0:03:51]}  Nc8+ {[%clk 0:02:44]} 40. Kb5 {[%clk 0:03:43]}  Nd6+ {[%clk 0:02:39]} 41. Kb6 {[%clk 0:03:25]}  Nc8+ {[%clk 0:02:37]} 42. Kb5 {[%clk 0:03:23]}  Nd6+ {[%clk 0:02:20]} 43. Kb6 {[%clk 0:03:24]} 1/2-1/2


[Site "Internet"]

[Event "Chessable Masters - Torneo preliminare"]
[White "Artemiev, Vladislav"]
[Black "Paravyan, David"]
[WhiteFideId "24101605"]
[BlackFideId "4194985"]
[WhiteElo "2735"]
[BlackElo "2598"]
[Result "1-0"]
[Round "2"]
[TimeControl "600+2"]
[Date "2023.03.13"]
[WhiteClock "0:00:12"]
[BlackClock "0:00:04"]

1. c4 {[%clk 0:09:45]}  c5 {[%clk 0:09:59]} 2. Nf3 {[%clk 0:09:43]}  Nf6 {[%clk 0:09:59]} 3. g3 {[%clk 0:09:37]}  d5 {[%clk 0:10:00]} 4. cxd5 {[%clk 0:09:37]}  Nxd5 {[%clk 0:10:02]} 5. Bg2 {[%clk 0:09:38]}  Nc6 {[%clk 0:10:03]} 6. d4 {[%clk 0:09:39]}  cxd4 {[%clk 0:10:04]} 7. Nxd4 {[%clk 0:09:40]}  Ndb4 {[%clk 0:10:05]} 8. Nxc6 {[%clk 0:09:41]}  Qxd1+ {[%clk 0:10:06]} 9. Kxd1 {[%clk 0:09:42]}  Nxc6 {[%clk 0:10:08]} 10. Nc3 {[%clk 0:09:39]}  Bf5 {[%clk 0:10:06]} 11. Bxc6+ {[%clk 0:08:35]}  bxc6 {[%clk 0:10:08]} 12. f3 {[%clk 0:08:14]}  O-O-O+ {[%clk 0:10:03]} 13. Ke1 {[%clk 0:08:14]}  e5 {[%clk 0:10:02]} 14. Be3 {[%clk 0:08:06]}  Kb7 {[%clk 0:09:54]} 15. Kf2 {[%clk 0:07:47]}  Be6 {[%clk 0:09:20]} 16. Rhd1 {[%clk 0:07:11]}  Be7 {[%clk 0:09:18]} 17. Ne4 {[%clk 0:06:48]}  Rd5 {[%clk 0:08:55]} 18. Rdc1 {[%clk 0:06:41]}  f5 {[%clk 0:07:49]} 19. Nc5+ {[%clk 0:06:23]}  Bxc5 {[%clk 0:07:50]} 20. Bxc5 {[%clk 0:06:24]}  Rhd8 {[%clk 0:07:49]} 21. Bb4 {[%clk 0:04:26]}  a5 {[%clk 0:07:09]} 22. Bc3 {[%clk 0:04:17]}  a4 {[%clk 0:07:09]} 23. Re1 {[%clk 0:04:00]}  Rc5 {[%clk 0:03:48]} 24. a3 {[%clk 0:03:59]}  Bb3 {[%clk 0:03:16]} 25. h4 {[%clk 0:03:29]}  g6 {[%clk 0:03:13]} 26. Rac1 {[%clk 0:02:52]}  Rdd5 {[%clk 0:02:40]} 27. e4 {[%clk 0:02:36]}  fxe4 {[%clk 0:02:08]} 28. Rxe4 {[%clk 0:02:32]}  Rd3 {[%clk 0:02:04]} 29. Rce1 {[%clk 0:02:16]}  Bd1 {[%clk 0:01:08]} 30. R1e3 {[%clk 0:01:49]}  Rxe3 {[%clk 0:00:52]} 31. Rxe3 {[%clk 0:01:39]}  Bb3 {[%clk 0:00:49]} 32. g4 {[%clk 0:01:36]}  h5 {[%clk 0:00:43]} 33. Kg3 {[%clk 0:01:29]}  Kc8 {[%clk 0:00:24]} 34. Bxe5 {[%clk 0:01:18]}  Rc4 {[%clk 0:00:15]} 35. Rd3 {[%clk 0:00:41]}  Rc5 {[%clk 0:00:11]} 36. Bf6 {[%clk 0:00:20]}  Bd5 {[%clk 0:00:07]} 37. Rd4 {[%clk 0:00:14]}  Rc4 {[%clk 0:00:06]} 38. gxh5 {[%clk 0:00:09]}  Rxd4 {[%clk 0:00:04]} 39. h6 {[%clk 0:00:11]}  Rd3 {[%clk 0:00:02]} 40. h7 {[%clk 0:00:10]}  Rxf3+ {[%clk 0:00:04]} 41. Kg4 {[%clk 0:00:12]} 1-0


[Site "Internet"]

[Event "Chessable Masters - Torneo preliminare"]
[White "Chirila, Ioan-Cristian"]
[Black "Gukesh, D"]
[WhiteFideId "1211668"]
[BlackFideId "46616543"]
[WhiteElo "2508"]
[BlackElo "2629"]
[Result "1/2-1/2"]
[Round "2"]
[TimeControl "600+2"]
[Date "2023.03.13"]
[WhiteClock "0:00:03"]
[BlackClock "0:00:05"]

1. d4 {[%clk 0:09:44]}  Nf6 {[%clk 0:09:57]} 2. c4 {[%clk 0:09:42]}  g6 {[%clk 0:09:58]} 3. Nc3 {[%clk 0:09:24]}  Bg7 {[%clk 0:09:58]} 4. Nf3 {[%clk 0:09:13]}  O-O {[%clk 0:09:58]} 5. g3 {[%clk 0:09:14]}  d5 {[%clk 0:09:50]} 6. Bg2 {[%clk 0:09:06]}  dxc4 {[%clk 0:09:32]} 7. Ne5 {[%clk 0:06:48]}  c5 {[%clk 0:09:07]} 8. dxc5 {[%clk 0:06:46]}  Qc7 {[%clk 0:09:08]} 9. Nxc4 {[%clk 0:06:17]}  Qxc5 {[%clk 0:09:07]} 10. Qb3 {[%clk 0:05:21]}  Be6 {[%clk 0:08:13]} 11. Qxb7 {[%clk 0:05:19]}  Nbd7 {[%clk 0:08:13]} 12. Nd2 {[%clk 0:04:36]}  Rab8 {[%clk 0:07:57]} 13. Qa6 {[%clk 0:04:14]}  Nd5 {[%clk 0:07:21]} 14. Nde4 {[%clk 0:03:59]}  Qc7 {[%clk 0:07:16]} 15. O-O {[%clk 0:03:43]}  Nxc3 {[%clk 0:04:28]} 16. Nxc3 {[%clk 0:03:38]}  Ne5 {[%clk 0:04:11]} 17. Nd5 {[%clk 0:02:46]}  Qd7 {[%clk 0:03:53]} 18. Rd1 {[%clk 0:02:38]}  Rb6 {[%clk 0:03:53]} 19. Qa3 {[%clk 0:02:26]}  Bxd5 {[%clk 0:03:26]} 20. Rxd5 {[%clk 0:02:22]}  Qe6 {[%clk 0:03:24]} 21. Qxa7 {[%clk 0:02:04]}  Nc4 {[%clk 0:03:24]} 22. Bg5 {[%clk 0:01:30]}  Rxb2 {[%clk 0:02:58]} 23. Rc1 {[%clk 0:01:07]}  Rxe2 {[%clk 0:02:48]} 24. Qxe7 {[%clk 0:00:51]}  Bb2 {[%clk 0:02:05]} 25. Rxc4 {[%clk 0:00:13]}  Re1+ {[%clk 0:02:05]} 26. Bf1 {[%clk 0:00:14]}  Rxf1+ {[%clk 0:02:07]} 27. Kxf1 {[%clk 0:00:16]}  Qxd5 {[%clk 0:02:08]} 28. Re4 {[%clk 0:00:07]}  Bg7 {[%clk 0:00:58]} 29. a4 {[%clk 0:00:08]}  Rb8 {[%clk 0:00:57]} 30. Qe8+ {[%clk 0:00:03]}  Bf8 {[%clk 0:00:08]} 31. Qxb8 {[%clk 0:00:04]}  Qxe4 {[%clk 0:00:09]} 32. Bh6 {[%clk 0:00:05]}  Qh1+ {[%clk 0:00:10]} 33. Ke2 {[%clk 0:00:06]}  Qe4+ {[%clk 0:00:12]} 34. Kf1 {[%clk 0:00:06]}  Qh1+ {[%clk 0:00:08]} 35. Ke2 {[%clk 0:00:07]}  Qe4+ {[%clk 0:00:10]} 36. Kd2 {[%clk 0:00:04]}  Qd4+ {[%clk 0:00:08]} 37. Ke2 {[%clk 0:00:03]}  Qe4+ {[%clk 0:00:05]} 1/2-1/2


[Site "Internet"]

[Event "Chessable Masters - Torneo preliminare"]
[White "Sevian, Samuel"]
[Black "Pichot, Alan"]
[WhiteFideId "2040506"]
[BlackFideId "110973"]
[WhiteElo "2582"]
[BlackElo "2549"]
[Result "1/2-1/2"]
[Round "2"]
[TimeControl "600+2"]
[Date "2023.03.13"]
[WhiteClock "0:00:11"]
[BlackClock "0:00:10"]

1. c4 {[%clk 0:10:01]}  e6 {[%clk 0:09:55]} 2. Nc3 {[%clk 0:10:01]}  d5 {[%clk 0:09:53]} 3. d4 {[%clk 0:10:01]}  Nf6 {[%clk 0:09:54]} 4. cxd5 {[%clk 0:09:47]}  exd5 {[%clk 0:09:54]} 5. Bg5 {[%clk 0:09:46]}  Bb4 {[%clk 0:09:54]} 6. e3 {[%clk 0:09:44]}  h6 {[%clk 0:09:55]} 7. Bh4 {[%clk 0:09:45]}  g5 {[%clk 0:09:55]} 8. Bg3 {[%clk 0:09:47]}  h5 {[%clk 0:09:57]} 9. h4 {[%clk 0:09:37]}  Ne4 {[%clk 0:09:55]} 10. Ne2 {[%clk 0:09:39]}  Nxg3 {[%clk 0:09:55]} 11. Nxg3 {[%clk 0:09:40]}  gxh4 {[%clk 0:09:56]} 12. Nxh5 {[%clk 0:09:41]}  c6 {[%clk 0:09:56]} 13. Qf3 {[%clk 0:09:31]}  Qg5 {[%clk 0:08:59]} 14. Be2 {[%clk 0:09:26]}  Be6 {[%clk 0:08:26]} 15. g3 {[%clk 0:04:57]}  hxg3 {[%clk 0:08:11]} 16. Rg1 {[%clk 0:04:56]}  gxf2+ {[%clk 0:07:02]} 17. Qxf2 {[%clk 0:04:53]}  Qe7 {[%clk 0:07:02]} 18. Rc1 {[%clk 0:04:21]}  Nd7 {[%clk 0:06:55]} 19. Ng7+ {[%clk 0:04:19]}  Kd8 {[%clk 0:06:51]} 20. Nh5 {[%clk 0:04:15]}  Rc8 {[%clk 0:05:19]} 21. a3 {[%clk 0:03:45]}  Bd6 {[%clk 0:05:19]} 22. Kd2 {[%clk 0:03:30]}  Kc7 {[%clk 0:05:07]} 23. Nb5+ {[%clk 0:02:57]}  Kb8 {[%clk 0:05:06]} 24. Nxd6 {[%clk 0:02:58]}  Qxd6 {[%clk 0:05:07]} 25. b4 {[%clk 0:02:30]}  Nb6 {[%clk 0:04:44]} 26. Rg5 {[%clk 0:02:21]}  Rcg8 {[%clk 0:04:28]} 27. Rcg1 {[%clk 0:02:07]}  Rxg5 {[%clk 0:04:26]} 28. Rxg5 {[%clk 0:02:09]}  Nd7 {[%clk 0:03:36]} 29. Qf4 {[%clk 0:01:21]}  Kc7 {[%clk 0:03:27]} 30. Rg7 {[%clk 0:01:16]}  Qxf4 {[%clk 0:03:17]} 31. Nxf4 {[%clk 0:01:12]}  Kd6 {[%clk 0:03:16]} 32. Bh5 {[%clk 0:01:11]}  Rf8 {[%clk 0:02:52]} 33. Bg4 {[%clk 0:00:50]}  b6 {[%clk 0:02:06]} 34. Bxe6 {[%clk 0:00:34]}  fxe6 {[%clk 0:02:07]} 35. Nd3 {[%clk 0:00:30]}  a5 {[%clk 0:01:48]} 36. bxa5 {[%clk 0:00:31]}  bxa5 {[%clk 0:01:50]} 37. Rg6 {[%clk 0:00:32]}  Rf6 {[%clk 0:01:43]} 38. Rg8 {[%clk 0:00:30]}  e5 {[%clk 0:01:21]} 39. dxe5+ {[%clk 0:00:21]}  Nxe5 {[%clk 0:01:22]} 40. Nxe5 {[%clk 0:00:13]}  Kxe5 {[%clk 0:01:23]} 41. Re8+ {[%clk 0:00:14]}  Kd6 {[%clk 0:00:51]} 42. Ra8 {[%clk 0:00:15]}  Rf2+ {[%clk 0:00:51]} 43. Kc3 {[%clk 0:00:17]}  Ke5 {[%clk 0:00:25]} 44. Re8+ {[%clk 0:00:18]}  Kd6 {[%clk 0:00:25]} 45. Ra8 {[%clk 0:00:19]}  Re2 {[%clk 0:00:20]} 46. Kd3 {[%clk 0:00:18]}  Rb2 {[%clk 0:00:15]} 47. Rxa5 {[%clk 0:00:18]}  Ke5 {[%clk 0:00:16]} 48. Rc5 {[%clk 0:00:13]}  Rb3+ {[%clk 0:00:15]} 49. Rc3 {[%clk 0:00:14]}  Rb6 {[%clk 0:00:13]} 50. a4 {[%clk 0:00:15]}  Ra6 {[%clk 0:00:10]} 51. a5 {[%clk 0:00:10]}  Rxa5 {[%clk 0:00:10]} 52. Rxc6 {[%clk 0:00:11]} 1/2-1/2


[Site "Internet"]

[Event "Chessable Masters - Torneo preliminare"]
[White "Yakubboev, Nodirbek"]
[Black "Antipov, Mikhail Al."]
[WhiteFideId "14203987"]
[BlackFideId "4107012"]
[WhiteElo "2577"]
[BlackElo "2593"]
[Result "1-0"]
[Round "2"]
[TimeControl "600+2"]
[Date "2023.03.13"]
[WhiteClock "0:01:09"]
[BlackClock "0:02:27"]

1. c4 {[%clk 0:09:59]}  c5 {[%clk 0:10:00]} 2. g3 {[%clk 0:09:46]}  g6 {[%clk 0:10:00]} 3. Bg2 {[%clk 0:09:47]}  Bg7 {[%clk 0:10:02]} 4. Nc3 {[%clk 0:09:47]}  Nc6 {[%clk 0:09:58]} 5. Nf3 {[%clk 0:09:49]}  d6 {[%clk 0:09:59]} 6. O-O {[%clk 0:09:48]}  Be6 {[%clk 0:09:58]} 7. d3 {[%clk 0:08:59]}  Qc8 {[%clk 0:09:58]} 8. Rb1 {[%clk 0:08:57]}  Bh3 {[%clk 0:09:57]} 9. Bxh3 {[%clk 0:08:05]}  Qxh3 {[%clk 0:09:59]} 10. Nd5 {[%clk 0:08:07]}  Qd7 {[%clk 0:09:51]} 11. Bd2 {[%clk 0:06:00]}  e6 {[%clk 0:09:47]} 12. Bc3 {[%clk 0:06:00]}  f6 {[%clk 0:09:48]} 13. Nf4 {[%clk 0:05:55]}  Nge7 {[%clk 0:09:48]} 14. b4 {[%clk 0:05:11]}  b6 {[%clk 0:09:00]} 15. e3 {[%clk 0:03:04]}  e5 {[%clk 0:07:58]} 16. Nd5 {[%clk 0:02:50]}  Nxd5 {[%clk 0:07:56]} 17. cxd5 {[%clk 0:02:51]}  Ne7 {[%clk 0:07:57]} 18. e4 {[%clk 0:02:51]}  O-O {[%clk 0:07:31]} 19. bxc5 {[%clk 0:02:24]}  bxc5 {[%clk 0:07:06]} 20. Nd2 {[%clk 0:02:24]}  f5 {[%clk 0:07:00]} 21. f3 {[%clk 0:02:22]}  f4 {[%clk 0:06:42]} 22. g4 {[%clk 0:02:22]}  h5 {[%clk 0:06:42]} 23. h3 {[%clk 0:02:20]}  Bf6 {[%clk 0:06:28]} 24. Kf2 {[%clk 0:02:18]}  Kf7 {[%clk 0:05:48]} 25. Qb3 {[%clk 0:02:11]}  Rh8 {[%clk 0:04:56]} 26. Rh1 {[%clk 0:02:12]}  hxg4 {[%clk 0:04:08]} 27. hxg4 {[%clk 0:02:13]}  Rxh1 {[%clk 0:04:10]} 28. Rxh1 {[%clk 0:02:13]}  Rh8 {[%clk 0:04:11]} 29. Rxh8 {[%clk 0:02:10]}  Bxh8 {[%clk 0:04:13]} 30. Nc4 {[%clk 0:02:09]}  Bf6 {[%clk 0:04:04]} 31. Qb7 {[%clk 0:01:49]}  Ke8 {[%clk 0:03:29]} 32. Qa6 {[%clk 0:01:49]}  Nc8 {[%clk 0:03:17]} 33. Qxc8+ {[%clk 0:01:38]}  Qxc8 {[%clk 0:03:18]} 34. Nxd6+ {[%clk 0:01:40]}  Kd7 {[%clk 0:03:19]} 35. Nxc8 {[%clk 0:01:41]}  Kxc8 {[%clk 0:03:21]} 36. Ke2 {[%clk 0:01:42]}  Kd7 {[%clk 0:03:22]} 37. Kd2 {[%clk 0:01:42]}  Kd6 {[%clk 0:03:23]} 38. Kc2 {[%clk 0:01:43]}  Bh4 {[%clk 0:02:51]} 39. Kb3 {[%clk 0:01:36]}  a6 {[%clk 0:02:53]} 40. Ka4 {[%clk 0:01:31]}  Bd8 {[%clk 0:02:54]} 41. Ba5 {[%clk 0:01:30]}  Bh4 {[%clk 0:02:55]} 42. Bb6 {[%clk 0:01:28]}  Be1 {[%clk 0:02:56]} 43. Kb3 {[%clk 0:01:19]}  Bf2 {[%clk 0:02:36]} 44. Kc4 {[%clk 0:01:20]}  Be3 {[%clk 0:02:36]} 45. Ba7 {[%clk 0:01:19]}  Bd4 {[%clk 0:02:37]} 46. a3 {[%clk 0:01:10]}  a5 {[%clk 0:02:32]} 47. a4 {[%clk 0:01:08]}  g5 {[%clk 0:02:27]} 48. Bb6 {[%clk 0:01:09]} 1-0


[Site "Internet"]

[Event "Chessable Masters - Torneo preliminare"]
[White "Terry, Renato"]
[Black "Iturrizaga Bonelli, Eduardo"]
[WhiteFideId "3803457"]
[BlackFideId "3901211"]
[WhiteElo "2472"]
[BlackElo "2654"]
[Result "1/2-1/2"]
[Round "2"]
[TimeControl "600+2"]
[Date "2023.03.13"]
[WhiteClock "0:00:14"]
[BlackClock "0:00:09"]

1. d4 {[%clk 0:09:51]}  Nf6 {[%clk 0:10:00]} 2. Nf3 {[%clk 0:09:48]}  e6 {[%clk 0:09:57]} 3. c4 {[%clk 0:09:29]}  Bb4+ {[%clk 0:09:51]} 4. Bd2 {[%clk 0:09:25]}  a5 {[%clk 0:09:51]} 5. g3 {[%clk 0:09:09]}  d5 {[%clk 0:09:46]} 6. Qc2 {[%clk 0:09:01]}  O-O {[%clk 0:09:45]} 7. Bg2 {[%clk 0:08:56]}  Be7 {[%clk 0:09:45]} 8. O-O {[%clk 0:08:54]}  c6 {[%clk 0:09:45]} 9. Bf4 {[%clk 0:08:52]}  Nbd7 {[%clk 0:09:46]} 10. Nbd2 {[%clk 0:08:50]}  Nh5 {[%clk 0:09:30]} 11. Be3 {[%clk 0:08:38]}  f5 {[%clk 0:09:08]} 12. cxd5 {[%clk 0:08:16]}  exd5 {[%clk 0:09:06]} 13. Bf4 {[%clk 0:08:09]}  g5 {[%clk 0:07:45]} 14. Be5 {[%clk 0:08:10]}  g4 {[%clk 0:07:46]} 15. Ne1 {[%clk 0:08:11]}  Nxe5 {[%clk 0:07:47]} 16. dxe5 {[%clk 0:08:13]}  f4 {[%clk 0:07:49]} 17. Nd3 {[%clk 0:07:58]}  Bf5 {[%clk 0:07:48]} 18. Qb3 {[%clk 0:07:59]}  Bxd3 {[%clk 0:06:44]} 19. Qxd3 {[%clk 0:07:23]}  Qc7 {[%clk 0:06:43]} 20. Qd4 {[%clk 0:07:22]}  Ng7 {[%clk 0:05:43]} 21. Rac1 {[%clk 0:07:16]}  Rad8 {[%clk 0:04:25]} 22. Nb3 {[%clk 0:06:36]}  Ne6 {[%clk 0:04:00]} 23. Qa4 {[%clk 0:06:37]}  Qxe5 {[%clk 0:03:28]} 24. Nxa5 {[%clk 0:06:06]}  Ra8 {[%clk 0:03:11]} 25. b4 {[%clk 0:06:05]}  Nd4 {[%clk 0:02:56]} 26. Rfe1 {[%clk 0:06:06]}  fxg3 {[%clk 0:02:31]} 27. fxg3 {[%clk 0:05:36]}  Nxe2+ {[%clk 0:02:24]} 28. Kh1 {[%clk 0:05:37]}  Rf2 {[%clk 0:01:49]} 29. Nxc6 {[%clk 0:05:23]}  Nxg3+ {[%clk 0:00:58]} 30. Kg1 {[%clk 0:05:24]}  Ne2+ {[%clk 0:00:58]} 31. Rxe2 {[%clk 0:04:46]}  Qxe2 {[%clk 0:01:00]} 32. Bxd5+ {[%clk 0:04:14]}  Kg7 {[%clk 0:00:59]} 33. Qxa8 {[%clk 0:04:15]}  Rf8 {[%clk 0:00:17]} 34. Qa3 {[%clk 0:02:06]}  bxc6 {[%clk 0:00:18]} 35. Bxc6 {[%clk 0:02:04]}  Bg5 {[%clk 0:00:19]} 36. Qc3+ {[%clk 0:02:01]}  Kh6 {[%clk 0:00:19]} 37. Re1 {[%clk 0:01:49]}  Rf1+ {[%clk 0:00:13]} 38. Rxf1 {[%clk 0:01:46]}  Be3+ {[%clk 0:00:14]} 39. Qxe3+ {[%clk 0:01:46]}  Qxe3+ {[%clk 0:00:16]} 40. Kg2 {[%clk 0:01:40]}  Qe6 {[%clk 0:00:12]} 41. b5 {[%clk 0:01:39]}  Qxa2+ {[%clk 0:00:13]} 42. Rf2 {[%clk 0:01:40]}  Qb3 {[%clk 0:00:14]} 43. Kg1 {[%clk 0:00:44]}  Kg5 {[%clk 0:00:15]} 44. Re2 {[%clk 0:00:39]}  Qc3 {[%clk 0:00:11]} 45. Kg2 {[%clk 0:00:37]}  h5 {[%clk 0:00:11]} 46. Kf2 {[%clk 0:00:31]}  Qc5+ {[%clk 0:00:12]} 47. Ke1 {[%clk 0:00:31]}  h4 {[%clk 0:00:11]} 48. Kd2 {[%clk 0:00:32]}  Qd4+ {[%clk 0:00:11]} 49. Kc2 {[%clk 0:00:33]}  Qc4+ {[%clk 0:00:12]} 50. Kd2 {[%clk 0:00:35]}  h3 {[%clk 0:00:10]} 51. Rf2 {[%clk 0:00:30]}  Qd4+ {[%clk 0:00:10]} 52. Ke2 {[%clk 0:00:31]}  Qc3 {[%clk 0:00:10]} 53. Kd1 {[%clk 0:00:25]}  Kh4 {[%clk 0:00:10]} 54. Ke2 {[%clk 0:00:25]}  Qc4+ {[%clk 0:00:11]} 55. Ke3 {[%clk 0:00:26]}  Qc5+ {[%clk 0:00:13]} 56. Ke2 {[%clk 0:00:27]}  Qd6 {[%clk 0:00:13]} 57. Ke3 {[%clk 0:00:28]}  Qe5+ {[%clk 0:00:14]} 58. Kd3 {[%clk 0:00:29]}  g3 {[%clk 0:00:14]} 59. hxg3+ {[%clk 0:00:30]}  Kxg3 {[%clk 0:00:14]} 60. Rf3+ {[%clk 0:00:31]}  Kg4 {[%clk 0:00:13]} 61. Re3 {[%clk 0:00:26]}  Qd6+ {[%clk 0:00:14]} 62. Kc4 {[%clk 0:00:24]}  h2 {[%clk 0:00:16]} 63. Rd3 {[%clk 0:00:19]}  Qe6+ {[%clk 0:00:15]} 64. Kc5 {[%clk 0:00:17]}  Qe7+ {[%clk 0:00:15]} 65. Kb6 {[%clk 0:00:16]}  Qf6 {[%clk 0:00:15]} 66. Kb7 {[%clk 0:00:13]}  Qg7+ {[%clk 0:00:16]} 67. Ka6 {[%clk 0:00:13]}  Qh6 {[%clk 0:00:16]} 68. Rd1 {[%clk 0:00:12]}  Kg3 {[%clk 0:00:13]} 69. Kb7 {[%clk 0:00:13]}  Qh7+ {[%clk 0:00:13]} 70. Ka6 {[%clk 0:00:13]}  Qc2 {[%clk 0:00:14]} 71. Rh1 {[%clk 0:00:14]}  Qc4 {[%clk 0:00:13]} 72. Kb6 {[%clk 0:00:15]}  Qd4+ {[%clk 0:00:14]} 73. Ka6 {[%clk 0:00:17]}  Qc5 {[%clk 0:00:14]} 74. Kb7 {[%clk 0:00:18]}  Qd6 {[%clk 0:00:15]} 75. Kb6 {[%clk 0:00:19]}  Kf2 {[%clk 0:00:16]} 76. Kb7 {[%clk 0:00:19]}  Ke3 {[%clk 0:00:17]} 77. Re1+ {[%clk 0:00:09]}  Kd2 {[%clk 0:00:18]} 78. Rh1 {[%clk 0:00:09]}  Qe7+ {[%clk 0:00:18]} 79. Kb6 {[%clk 0:00:09]}  Qe5 {[%clk 0:00:16]} 80. Kb7 {[%clk 0:00:10]}  Kc3 {[%clk 0:00:16]} 81. Kb6 {[%clk 0:00:11]}  Kb4 {[%clk 0:00:17]} 82. Rb1+ {[%clk 0:00:12]}  Ka4 {[%clk 0:00:18]} 83. Ka6 {[%clk 0:00:09]}  Qf6 {[%clk 0:00:18]} 84. Rc1 {[%clk 0:00:07]}  Qh6 {[%clk 0:00:11]} 85. Rb1 {[%clk 0:00:07]}  Qg6 {[%clk 0:00:06]} 86. Rc1 {[%clk 0:00:08]}  Qf6 {[%clk 0:00:07]} 87. Rb1 {[%clk 0:00:07]}  Qg6 {[%clk 0:00:06]} 88. Rc1 {[%clk 0:00:08]}  Kb4 {[%clk 0:00:07]} 89. Rh1 {[%clk 0:00:04]}  Qg1 {[%clk 0:00:06]} 90. Kb7 {[%clk 0:00:04]}  Ka5 {[%clk 0:00:06]} 91. Kc7 {[%clk 0:00:04]}  Qg3+ {[%clk 0:00:07]} 92. Kd7 {[%clk 0:00:06]}  Kb6 {[%clk 0:00:08]} 93. Ke6 {[%clk 0:00:07]}  Qf4 {[%clk 0:00:07]} 94. Kd5 {[%clk 0:00:07]}  Kc7 {[%clk 0:00:07]} 95. Kc5 {[%clk 0:00:07]}  Qe3+ {[%clk 0:00:08]} 96. Kd5 {[%clk 0:00:08]}  Qf2 {[%clk 0:00:09]} 97. Ke5 {[%clk 0:00:08]}  Qg1 {[%clk 0:00:09]} 98. Ke6 {[%clk 0:00:08]}  Qe3+ {[%clk 0:00:09]} 99. Kd5 {[%clk 0:00:09]}  Qd3+ {[%clk 0:00:10]} 100. Ke5 {[%clk 0:00:08]}  Qd6+ {[%clk 0:00:12]} 101. Ke4 {[%clk 0:00:09]}  Kb6 {[%clk 0:00:12]} 102. Kf3 {[%clk 0:00:10]}  Qd3+ {[%clk 0:00:06]} 103. Kg2 {[%clk 0:00:10]}  Qe2+ {[%clk 0:00:07]} 104. Kg3 {[%clk 0:00:12]}  Qe3+ {[%clk 0:00:07]} 105. Kxh2 {[%clk 0:00:12]}  Qf2+ {[%clk 0:00:09]} 106. Kh3 {[%clk 0:00:13]}  Qf5+ {[%clk 0:00:09]} 107. Kg2 {[%clk 0:00:14]} 1/2-1/2


[Site "Internet"]